Normal view
MARC view
- Muhammad Saleh Murtaza Gardezi
Entry Personal Name
001 - CONTROL NUMBER
- control field: 10101
003 - CONTROL NUMBER IDENTIFIER
- control field: NUST
005 - DATE AND TIME OF LATEST TRANSACTION
- control field: 20180308103946.0
008 - FIXED-LENGTH DATA ELEMENTS
- fixed length control field: 180308|| aca||aabn | a|a d
040 ## - CATALOGING SOURCE
- Original cataloging agency: NUST
- Transcribing agency: NUST
100 ## - HEADING--PERSONAL NAME
- Personal name: Muhammad Saleh Murtaza Gardezi
670 ## - SOURCE DATA FOUND
- Source citation: Work cat.: (NUST): Muhammad Saleh Murtaza Gardezi, Machine learning based adaptive prediction horizon in finite control set model predictive control, 2017
